Culture Générale - Série 889 - Statistiques

Statistiques générales
  • Ce quiz a été pris 130 fois
  • Le résultat moyen est 7 sur 10
Statistiques - réponses
Question Réponse % Correct
Quels sont les 3 lettres qui désignent le championnat des Etats Unis de basket ball ? NBA
91%
Qu'est-ce qu'un silure ? poisson
91%
Quel nom donne-t-on à la ligne de scooters créée en 1946 qui signifie "guêpe" en italien ? vespa
88%
Religieuse catholique albanaise naturalisée indienne, missionnaire en Inde, prix Nobel de la paix en 1979, connue sous le nom de Mère ... Teresa
83%
Quel mot un peu désuet utilisait-on pour désigner la publicité ? réclame
72%
L'opération par laquelle une personne appelée vendeur interpelle de vive voix des acheteurs potentiels dans le but de leur vendre un bien, s'appelle vente à la ... criée
67%
Par quel mot désigne-t-on l'anxiété des temps modernes ? stress
63%
Comment appelle-t-on un gamin de Lyon ? gone
58%
Un aber est une ancienne vallée fluviale envahie par la mer, que l'on appelle également ... ria
31%
Cordage reliant une bouée à un objet immergé, généralement une ancre orin
7%
Aucun quiz correspondant
Distribution des résultats
% des personnes avec chaque résultat
Percentile par nombre de réponses
Votre historique - résultats
Vous n’avez pas pris ce quiz